Be a successful remodeling contractor

Be a Successful Building Contractor will give you the business savvy you need to set up and manage a profit-making enterprise. The book will help you define your business requirements-find desirable building lots-build on speculation-computerize your operations-track financial transactions-hire top-...

সম্পূর্ণ বিবরণ

সংরক্ষণ করুন:
গ্রন্থ-পঞ্জীর বিবরন
প্রধান লেখক: Woodson, R. Dodge
বিন্যাস: গ্রন্থ
ভাষা:Undetermined
প্রকাশিত: New York McGraw-Hil 2005
বিষয়গুলি:
ট্যাগগুলো: ট্যাগ যুক্ত করুন
কোনো ট্যাগ নেই, প্রথমজন হিসাবে ট্যাগ করুন!
Thư viện lưu trữ: Trung tâm Học liệu Trường Đại học Cần Thơ
LEADER 00886nam a2200217Ia 4500
001 CTU_166781
008 210402s9999 xx 000 0 und d
020 |c 34.95 
082 |a 690.068 
082 |b W894 
100 |a Woodson, R. Dodge 
245 0 |a Be a successful remodeling contractor 
245 0 |c R. Dodge Woodso 
260 |a New York 
260 |b McGraw-Hil 
260 |c 2005 
520 |a Be a Successful Building Contractor will give you the business savvy you need to set up and manage a profit-making enterprise. The book will help you define your business requirements-find desirable building lots-build on speculation-computerize your operations-track financial transactions-hire top-notch employees-and much more 
650 |a Contractors,Building trades 
650 |x Management 
904 |i Lan Anh 
980 |a Trung tâm Học liệu Trường Đại học Cần Thơ